-
USMAN, DR. MD.RAGEEB, JADHAV PRERNA N , CHAUBBY ,Dr. NEELESH SHAOKH Dr. MOHAMMED ZUBEER AND KEERTHY H.S
Entry Personal Name
Number of records used in: 1
001 - CONTROL NUMBER
003 - CONTROL NUMBER IDENTIFIER
005 - DATE AND TIME OF LATEST TRANSACTION
- control field:
20240108105108.0
008 - FIXED-LENGTH DATA ELEMENTS
- fixed length control field:
240108|| aca||aabn | a|a d
040 ## - CATALOGING SOURCE
- Original cataloging agency:
JRU
- Transcribing agency:
JRU
100 ## - HEADING--PERSONAL NAME
- Personal name:
USMAN, DR. MD.RAGEEB, JADHAV PRERNA N , CHAUBBY ,Dr. NEELESH SHAOKH Dr. MOHAMMED ZUBEER AND KEERTHY H.S
670 ## - SOURCE DATA FOUND
- Source citation:
Work cat.: (JRU)5893: USMAN, DR. MD.RAGEEB, JADHAV PRERNA N , CHAUBBY ,Dr. NEELESH SHAOKH Dr. MOHAMMED ZUBEER AND KEERTHY H.S, A PRACTICAL BOOK OF PHARMACEUTICAL ENGINEERING